000 00559nam a22002417a 4500
003 UA-OsUOA
001 30589
007 ta
008 20041111b un ||||| |||| 00| 0 ukr d
100 _aКагарлицкий Ю.И.
090 _a82.09(410)
_bК12
942 _cBK
040 _aUA-OsUOA
_brus
_cUA-OsUOA
_dUA-OsUOA
245 _aШекспир и Вольтер
300 _a112 с.
955 _a0
041 _arus
080 _a82.09(410)
260 _aМосква
_bНаука
_c1980
044 _aRU
650 7 _2UDC
999 _c317002
_d317002